All Djo Songs - Statistics

General Stats
  • This quiz has been taken 192 times
    191 since last reset
  • The average score is 34 of 53
Answer Stats
Hint Answer % Correct
Decide End of Beginning
93%
The Crux Basic Being Basic
92%
The Crux Charlie's Garden
87%
The Crux Potion
84%
The Crux Crux
81%
The Crux Delete Ya
81%
The Crux Egg
81%
The Crux Lonesome Is a State of Mind
80%
-------- (triple j Like A Version) Gasoline
77%
Twenty Twenty Chateau (Feel Alright)
75%
The Crux Gap Tooth Smile
75%
Twenty Twenty Roddy
75%
The Crux Back on You
72%
The Crux Golden Line
72%
Decide I Want Your Video
72%
Decide Gloom
71%
The Crux Deluxe Mr. Mountebank
71%
The Crux Deluxe T. Rex Is Loud
71%
The Crux Fly
69%
Fool
69%
The Crux Deluxe Love Can't Break the Spell
68%
D-SIDES Uglyfisherman
67%
The Crux Link
65%
The Crux Deluxe Awake
64%
Decide Change
64%
The Crux Deluxe It's Over
64%
Decide Runner
64%
Twenty Twenty Tentpole Shangrila
63%
The Crux Deluxe Purgatory Silverstar
61%
Decide Half Life
60%
---- ---- ---- -- Keep Your Head Up
60%
Decide On and On
60%
Twenty Twenty Flash Mountain
59%
Decide Slither
59%
The Crux Deluxe Carry the Name
57%
Decide Climax
57%
Decide Figure You Out
57%
D-SIDES Listen
56%
Twenty Twenty Mortal Projections
56%
Twenty Twenty Personal Lies
56%
Twenty Twenty Showtime
56%
Twenty Twenty BNBG
53%
The Crux Deluxe Grime of the World
53%
The Crux Deluxe Try Me
53%
The Crux Deluxe They Don't Know What's Right
52%
The Crux Deluxe Who You Are
52%
The Crux Deluxe Thich Nhat Hanh
49%
Decide Is That All It Takes
48%
Twenty Twenty Ring
45%
Twenty Twenty Mutual Future (Repeat)
44%
Decide Go for It
43%
Twenty Twenty Just Along for the Ride
39%
Twenty Twenty Total Control
39%
No matching quizzes found
Score Distribution
Percent of People with Each Score
Percentile by Number Answered
Your Score History
You have not taken this quiz since the last reset